[Event "Llinars del Valles op-B 9th"]
[Site "Llinars del Valles"]
[Date "2015.06.06"]
[Round "8"]
[White "Villodres Rubio, Adrian"]
[Black "Herrera Grande, Placid"]
[Result "1-0"]
[WhiteElo "1775"]
[BlackElo "1679"]
[PlyCount "21"]
[EventDate "2015.04.11"]
[EventType "swiss"]
[EventRounds "9"]
[EventCountry "ESP"]
[SourceTitle "EXT 2018"]
[Source "ChessBase"]
[SourceDate "2017.10.13"]
[SourceVersion "1"]
[SourceVersionDate "2017.10.13"]
[SourceQuality "1"]

1. e4 e5 2. Nf3 Nc6 3. Bb5 Nf6 4. Nc3 d5 5. Bxc6+ bxc6 6. exd5 e4 7. dxc6 Ba6 8. Ng5 Qd5 9. Nxd5 Nxd5 10. Qg4 Bc5 11. Qd7+ 1-0

[Event "Valles Occidental-ch U12 prel"]
[Site "Spain"]
[Date "2015.02.14"]
[Round "3.1"]
[White "Villodres Rubio, Adrian"]
[Black "Martin Barcelo, Carles"]
[Result "0-1"]
[WhiteElo "1805"]
[BlackElo "1777"]
[PlyCount "92"]
[EventDate "2015.01.31"]
[EventType "swiss"]
[EventRounds "6"]
[EventCountry "ESP"]
[SourceTitle "EXT 2024"]
[Source "ChessBase"]
[SourceDate "2023.10.10"]
[SourceVersion "1"]
[SourceVersionDate "2023.10.10"]
[SourceQuality "1"]

1. e4 e5 2. Nf3 Nc6 3. d4 exd4 4. Nxd4 Bc5 5. Nxc6 bxc6 6. Bc4 d6 7. Qf3 Qf6 8. Nc3 Qxf3 9. gxf3 Nf6 10. Rg1 g6 11. Bg5 Bd4 12. Bh6 Be6 13. Bxe6 fxe6 14. Bg7 Rg8 15. Bh6 Rb8 16. Bc1 d5 17. Rb1 Bxc3+ 18. Ke2 Bd4 19. Rd1 Bc5 20. exd5 cxd5 21. Bf4 Bd6 22. Bg5 Nd7 23. h4 Be5 24. b3 Bf6 25. Bf4 Bxh4 26. Bxc7 Rc8 27. Bg3 Bxg3 28. fxg3 Rxc2+ 29. Rd2 Rxd2+ 30. Kxd2 Rf8 31. f4 e5 32. Re1 Rf5 33. a4 g5 34. fxe5 Rxe5 35. Rc1 a5 36. Rc8+ Kf7 37. Ra8 d4 38. Kd3 Rd5 39. Rc8 Ne5+ 40. Ke2 d3+ 41. Kd1 d2 42. Rc7+ Kg6 43. Rc2 Nf3 44. Rc6+ Kf5 45. Rc2 Kg4 46. Rc7 Re5 0-1

[Event "Foment Martinenc op-C 16th"]
[Site "Barcelona"]
[Date "2014.05.03"]
[Round "2"]
[White "Villodres Rubio, Adrian"]
[Black "Ylla Soro, Rafael"]
[Result "1-0"]
[WhiteElo "1776"]
[BlackElo "1727"]
[PlyCount "71"]
[EventDate "2014.04.26"]
[EventType "swiss"]
[EventRounds "9"]
[EventCountry "ESP"]
[SourceTitle "EXT 2015"]
[Source "ChessBase"]
[SourceDate "2014.11.20"]
[SourceVersion "1"]
[SourceVersionDate "2014.11.20"]
[SourceQuality "1"]

1. e4 e5 2. Nf3 Nc6 3. d4 exd4 4. Nxd4 Nf6 5. Nc3 Bb4 6. f3 0-0 7. Be3 d6 8. Qd2 Bd7 9. 0-0-0 a6 10. h4 Ne5 11. Be2 h5 12. Rdg1 c5 13. Nf5 Bxf5 14. exf5 Bxc3 15. Qxc3 Nd5 16. Qd2 Nxe3 17. Qxe3 Qf6 18. g4 Rfe8 19. Qg5 Qxg5+ 20. hxg5 hxg4 21. fxg4 f6 22. gxf6 gxf6 23. g5 fxg5 24. Rxg5+ Kf8 25. Rh7 Nf7 26. Rgg7 Rxe2 27. Rxf7+ Kg8 28. Rxb7 Rae8 29. Rbg7+ Kf8 30. f6 Re1+ 31. Kd2 R1e2+ 32. Kd1 Re1+ 33. Kd2 R1e2+ 34. Kd3 R8e3+ 35. Kc4 Rxc2+ 36. Kd5 1-0